00547nam a2200169Ia 450000500170000000800410001708200190005810000200007724500600009726000450015730000160020265000200021865000230023894200060026195200950026799900150036220250220012749.0240331s9999 xx 000 0 und d bSEN24811a923 aSenthivel, S. K 0aVadapulathu Pothuvudamai Iyakkamum Tholar Karthigesanum aColombobPuthiya Poomi Publicationc2003 aix, 170 p., aPublic Property aSocialist Movement cL 001040708LaWERCLbWERCLcSSCd2024-03-31l0o 923 SENp4811r2024-03-31w2024-03-31yL c4282d4282